Loading...
| Current Events | 1 | 10.00 | 100% | 0% | 0% |
| Fine Arts - Visual | 2 | 5.00 | 50% | 0% | 0% |
| History - European | 2 | 15.00 | 100% | 50% | 0% |
| History - Other | 7 | 12.86 | 86% | 14% | 29% |
| History - World | 4 | 12.50 | 100% | 25% | 0% |
| Literature - American | 3 | 13.33 | 100% | 33% | 0% |
| Literature - British | 4 | 10.00 | 100% | 0% | 0% |
| Literature - European | 4 | 5.00 | 50% | 0% | 0% |
| Literature - World | 2 | 5.00 | 50% | 0% | 0% |
| Mythology | 2 | 5.00 | 50% | 0% | 0% |
| Other Academic | 1 | 0.00 | 0% | 0% | 0% |
| Philosophy | 2 | 5.00 | 50% | 0% | 0% |
| Pop Culture | 1 | 0.00 | 0% | 0% | 0% |
| Religion | 2 | 10.00 | 100% | 0% | 0% |
| Science - Biology | 2 | 10.00 | 100% | 0% | 0% |
| Science - Chemistry | 2 | 10.00 | 100% | 0% | 0% |
| Science - Other | 2 | 20.00 | 100% | 100% | 0% |
| Science - Physics | 2 | 10.00 | 100% | 0% | 0% |
| Social Science | 2 | 20.00 | 100% | 50% | 50% |